|
|
|
|
| LEADER |
00000nam0a2200000 4500 |
| 001 |
359986 |
| 005 |
20231102011235.0 |
| 035 |
|
|
|a (RuTPU)RU\TPU\retro\17293
|
| 035 |
|
|
|a RU\TPU\retro\17291
|
| 090 |
|
|
|a 359986
|
| 100 |
|
|
|a 20210216d1900 k y0frey50 ba
|
| 101 |
0 |
|
|a fre
|
| 102 |
|
|
|a BE
|
| 105 |
|
|
|a y z 000zy
|
| 200 |
1 |
|
|a Sur quelques dérivés fluorés du toluol
|e deuxiéme communication
|e [оттиск статьи]
|f Fred. Swarts
|
| 210 |
|
|
|a Bruxelles
|c Hayez, Imprimeur de L'Académie Royale de Belgique
|d 1900
|
| 215 |
|
|
|a P. 414-431 (18 p.)
|c tabl.
|
| 225 |
1 |
|
|a Bull. de l'Acad. roy. de Belgique
|v № 6
|
| 300 |
|
|
|a Параллельная пагинация страниц
|
| 316 |
|
|
|5 63413507: 25//148
|a На с. 414 (1) надпись: "В дар от Н. В. Асташева 25/X 904 г."
|
| 316 |
|
|
|5 63413507: 25//148
|a Экземпляр не разрезан
|
| 317 |
|
|
|5 63413507: 25//148
|a Поступил в НТБ в 1904 г. в дар от наследников Н. В. Асташева
|
| 320 |
|
|
|9 572
|a Библиогр. в примеч.
|
| 541 |
1 |
|
|a К вопросу о некоторых вторпроизводных толуола
|z fre
|
| 606 |
1 |
|
|a Фтор, соединения
|x Химия
|2 stltpush
|3 (RuTPU)RU\TPU\subj\16975
|9 42845
|
| 610 |
1 |
|
|a фторорганические соединения
|
| 610 |
1 |
|
|a химические соединения
|
| 610 |
1 |
|
|a Коллекция Н. В. Асташева
|
| 610 |
1 |
|
|a дары
|
| 610 |
1 |
|
|a дары библиотеке
|
| 610 |
1 |
|
|a французский язык
|
| 610 |
1 |
|
|a толуолы
|
| 610 |
1 |
|
|a химические свойства
|
| 610 |
1 |
|
|a физические свойства
|
| 610 |
1 |
|
|a термические свойства
|
| 610 |
1 |
|
|a фторирование
|
| 610 |
1 |
|
|a токсичные соединения
|
| 610 |
1 |
|
|a применение
|
| 610 |
1 |
|
|a оттиски
|
| 675 |
|
|
|a 546.16
|v 4
|
| 700 |
|
1 |
|a Swarts
|b Fred.
|g Frédéric
|
| 801 |
|
1 |
|a RU
|b 63413507
|c 20210216
|
| 801 |
|
2 |
|a RU
|b 63413507
|c 20220614
|g RCR
|
| 942 |
|
|
|c BK
|